000 00745cam a22002411 4500
001 6497
003 BD-RjUL
005 20211208234244.0
008 140111m19481935eny 000 0 ger
035 _a(BD-RjUL)6538
035 _a(OCoLC)648640
040 _aDLC
_cOClU
_dOCoLC
_dBD-RjUL
_beng
041 _aeng
082 _a512.9434
_bWAG 1948
_223
100 1 _aWaerden, B. L. van der
_q(Bartel Leendert),
_d1903-
_920459
245 1 0 _aGruppen von linearen Transformationen.
_cB. L. Van Der Waerden
260 _aNew York :
_bChelsea Pub. Co.,
_cc1935 [1948].
300 _a91p. ;
_c22 cm.
490 0 _aErgebnisse der Mathematik und ihrer Grenzgebiete, 4. Bd.,
_v2
650 0 _aMatrices
_919941
942 _2ddc
_cBK
999 _c6497
_d6497